Los salvadoreños evalúan el gobierno de Calderón Sol y formulan expectativas hacia el nuevo gobierno

সংরক্ষণ করুন:
গ্রন্থ-পঞ্জীর বিবরন
বিন্যাস: পাঠ‍্য
বিষয়গুলি:
ট্যাগগুলো: ট্যাগ যুক্ত করুন
কোনো ট্যাগ নেই, প্রথমজন হিসাবে ট্যাগ করুন!

MARC

LEADER 00000 a a2200000 04500
001 6286
003
040
245 |a Los salvadoreños evalúan el gobierno de Calderón Sol y formulan expectativas hacia el nuevo gobierno  
650 |a ANALISIS POLITICO  
650 |a ANALISIS COMPARATIVO  
650 |a CAMBIO ECONOMICO  
650 |a CAMBIO SOCIAL  
773 |g volumen 19, número 856; páginas 7-9  
999 |c 19776  |d 19776